00953nam a2200253 a 450000100060000000300080000600500170001400800410003102000150007203500190008704000310010604100080013708200250014510000480017024500980021826000530031630000330036950400390040265000570044165000430049894200120054199900170055395201290057063382BD-RjUL20211209081206.0721107s1973 njua b 001 0 eng  a0137340796 a(BD-RjUL)63511 aLCbengcLCdSUSAdBD-RjUL aeng14223a796.01bCRP 19731 aCratty, Bryant J.q(Bryant Jackson)918860210aPsychology in contemporary sport :bguide-lines for coaches and athletes /cBryant J. Cratty. aEnglewood Cliffs, N.J. :bPrentice-Hall,cc1973. axv, 304 p. :bill. ;c24 cm. aIncludes bibliographies and index. 0aCoaching (Athletics)xPsychological aspects.9188603 0aSportsxPsychological aspects.9188604 2ddccBK c63382d63382 00102ddc40718NFICaRUCLbRUCLcReadingd1990-11-22eCanadal0o796.01 CRP 1973r2017-01-30 00:00:00tC-1w2021-12-09yBK